[Event "TUR-chT Clubs"]
[Site "Konya"]
[Date "2019.07.20"]
[Round "7.2"]
[White "Yasin, Hur"]
[Black "Atas, Yunus"]
[Result "1-0"]
[WhiteElo "1953"]
[BlackElo "1876"]
[PlyCount "131"]
[EventDate "2019.07.16"]
[EventType "team-swiss"]
[EventRounds "9"]
[EventCountry "TUR"]
[SourceTitle "CBM 191 Extra"]
[Source "ChessBase"]
[SourceDate "2019.09.30"]
[SourceVersion "1"]
[SourceVersionDate "2019.09.30"]
[SourceQuality "1"]
[WhiteTeam "Deniz Genclik"]
[BlackTeam "Bitlis Dernegi"]
[WhiteTeamCountry "TUR"]
[BlackTeamCountry "TUR"]

1. e4 c5 2. Nf3 e6 3. d4 cxd4 4. Nxd4 Nc6 5. Nc3 Qc7 6. Be3 Nf6 7. Be2 a6 8. a3 Be7 9. f4 d6 10. Nxc6 bxc6 11. Bf3 Bb7 12. 0-0 0-0 13. Qe1 d5 14. e5 Nd7 15. Ne2 c5 16. c3 f6 17. exf6 Nxf6 18. b4 Rae8 19. Kh1 cxb4 20. axb4 Bd6 21. Qd2 e5 22. fxe5 Bxe5 23. Bf4 Bxf4 24. Nxf4 Qe5 25. Nd3 Qe3 26. Qxe3 Rxe3 27. Nc5 Bc6 28. c4 Ne4 29. Bxe4 Rxf1+ 30. Rxf1 dxe4 31. Nxa6 Rc3 32. b5 Bd7 33. Nc5 Bc8 34. b6 Rxc4 35. b7 Bxb7 36. Nxb7 e3 37. Kg1 Rc7 38. Nd6 e2 39. Re1 Rd7 40. Ne4 h6 41. Rxe2 Kh7 42. g4 Rd3 43. Kg2 Ra3 44. Ng3 Ra4 45. Kf3 Ra3+ 46. Re3 Ra1 47. h4 Kg6 48. Kf4 Kf7 49. Nf5 Ra4+ 50. Kf3 Kf6 51. Ng3 Ra1 52. Rc3 Ra4 53. Ne4+ Ke5 54. Rc5+ Ke6 55. Rc7 Ra3+ 56. Kf4 g6 57. Rg7 g5+ 58. hxg5 hxg5+ 59. Nxg5+ Kf6 60. Rc7 Ra1 61. Ne4+ Kg6 62. Rc6+ Kg7 63. Kf5 Ra5+ 64. Nc5 Ra1 65. Rc7+ Kg8 66. Ne6 1-0

[Event "TUR-chT Clubs"]
[Site "Konya"]
[Date "2019.07.19"]
[Round "6.1"]
[White "Atas, Yunus"]
[Black "Guder, Serkan"]
[Result "1/2-1/2"]
[WhiteElo "1876"]
[BlackElo "1872"]
[PlyCount "60"]
[EventDate "2019.07.16"]
[EventType "team-swiss"]
[EventRounds "9"]
[EventCountry "TUR"]
[SourceTitle "CBM 191 Extra"]
[Source "ChessBase"]
[SourceDate "2019.09.30"]
[SourceVersion "1"]
[SourceVersionDate "2019.09.30"]
[SourceQuality "1"]
[WhiteTeam "Bitlis Dernegi"]
[BlackTeam "Borcelik Bursa Deneyim"]
[WhiteTeamCountry "TUR"]
[BlackTeamCountry "TUR"]

1. e4 c6 2. d4 d5 3. exd5 cxd5 4. c4 Nf6 5. Nc3 Nc6 6. Nf3 Bg4 7. cxd5 Nxd5 8. Qb3 Bxf3 9. gxf3 e6 10. Qxb7 Nxd4 11. Bb5+ Nxb5 12. Qc6+ Ke7 13. Qxb5 Qd7 14. Qxd7+ Kxd7 15. Nxd5 exd5 16. Be3 Ke6 17. 0-0-0 Rc8+ 18. Kb1 Bc5 19. Rhe1 Kd6 20. Bf4+ Kc6 21. Re2 Rhd8 22. Rc1 Kb7 23. Bg5 f6 24. Rec2 Bd6 25. Rxc8 Rxc8 26. Rxc8 Kxc8 27. Be3 a6 28. h3 Kd7 29. Kc2 g6 30. Kd3 Kc6 1/2-1/2

[Event "TUR-chT Clubs"]
[Site "Konya"]
[Date "2019.07.18"]
[Round "4.3"]
[White "Atas, Yunus"]
[Black "Sancar, Alperen"]
[Result "1-0"]
[WhiteElo "1876"]
[BlackElo "1479"]
[PlyCount "51"]
[EventDate "2019.07.16"]
[EventType "team-swiss"]
[EventRounds "9"]
[EventCountry "TUR"]
[SourceTitle "CBM 191 Extra"]
[Source "ChessBase"]
[SourceDate "2019.09.30"]
[SourceVersion "1"]
[SourceVersionDate "2019.09.30"]
[SourceQuality "1"]
[WhiteTeam "Bitlis Dernegi"]
[BlackTeam "Yalova Beyaz Fil"]
[WhiteTeamCountry "TUR"]
[BlackTeamCountry "TUR"]

1. Nf3 Nf6 2. c4 e6 3. d4 d5 4. Nc3 c6 5. e3 Nbd7 6. Bd3 dxc4 7. Bxc4 Nb6 8. Bd3 Be7 9. 0-0 0-0 10. Qe2 Re8 11. Rd1 Qc7 12. e4 Nbd7 13. e5 Nd5 14. Ne4 Nf8 15. Bd2 Ng6 16. g3 Qb6 17. a3 c5 18. dxc5 Bxc5 19. Nxc5 Qxc5 20. Ng5 Qb6 21. Qh5 Nxe5 22. Qxh7+ Kf8 23. Be4 Nc6 24. Qh8+ Ke7 25. Qxg7 Rf8 26. Bxd5 1-0

[Event "TUR-chT Clubs"]
[Site "Konya"]
[Date "2019.07.18"]
[Round "5.2"]
[White "Taskaya, Muhammed"]
[Black "Atas, Yunus"]
[Result "1-0"]
[WhiteElo "2011"]
[BlackElo "1876"]
[PlyCount "99"]
[EventDate "2019.07.16"]
[EventType "team-swiss"]
[EventRounds "9"]
[EventCountry "TUR"]
[SourceTitle "CBM 191 Extra"]
[Source "ChessBase"]
[SourceDate "2019.09.30"]
[SourceVersion "1"]
[SourceVersionDate "2019.09.30"]
[SourceQuality "1"]
[WhiteTeam "Duzce AS Genclik"]
[BlackTeam "Bitlis Dernegi"]
[WhiteTeamCountry "TUR"]
[BlackTeamCountry "TUR"]

1. e4 c5 2. d4 cxd4 3. c3 dxc3 4. Nxc3 e6 5. Nf3 a6 6. Bc4 Nc6 7. 0-0 b5 8. Bb3 Bb7 9. Qe2 Na5 10. Bc2 Ne7 11. Rd1 Ng6 12. Bg5 Be7 13. Bxe7 Qxe7 14. e5 0-0 15. Ne4 Nc4 16. b3 Nf4 17. Qf1 Na3 18. Bd3 Rac8 19. Rac1 Rxc1 20. Rxc1 h6 21. g3 Nxd3 22. Qxd3 Bxe4 23. Qxe4 d5 24. exd6 Qxd6 25. Rc6 Qd1+ 26. Kg2 a5 27. Ra6 Qd8 28. Qc6 b4 29. Qc5 Qd3 30. Qxa5 Nc2 31. Ra8 Qe4 32. Rxf8+ Kh7 33. Qe5 Ne1+ 34. Kf1 Qxf3 35. Kxe1 f6 36. Qe3 Qd5 37. Rc8 Qh1+ 38. Ke2 Qb7 39. Rc4 Qa6 40. Qd3+ f5 41. g4 Qxa2+ 42. Rc2 Qa5 43. gxf5 exf5 44. Qd4 Qb5+ 45. Kd2 Qb8 46. Rc5 Qxh2 47. Rxf5 Qc7 48. Rd5 Qe7 49. Qd3+ Kg8 50. Rd8+ 1-0

[Event "TUR Cup"]
[Site "Antalya"]
[Date "2019.02.03"]
[Round "11"]
[White "Atas, Yunus"]
[Black "Aydogdu, Cagatay"]
[Result "1-0"]
[WhiteElo "1872"]
[BlackElo "1727"]
[PlyCount "97"]
[EventDate "2019.01.27"]
[EventType "swiss"]
[EventRounds "11"]
[EventCountry "TUR"]
[SourceTitle "CBM 188 Extra"]
[Source "ChessBase"]
[SourceDate "2019.02.28"]
[SourceVersion "1"]
[SourceVersionDate "2019.02.28"]
[SourceQuality "1"]

1. b3 d5 2. Bb2 Nc6 3. Nf3 Nf6 4. e3 Bg4 5. d4 e6 6. Be2 Be7 7. 0-0 h5 8. c4 Bxf3 9. Bxf3 g5 10. Nd2 Qd7 11. Rc1 g4 12. Be2 0-0-0 13. cxd5 exd5 14. Bb5 Kb8 15. Bxc6 bxc6 16. Qc2 Kb7 17. b4 Ra8 18. Qa4 Rhb8 19. Nb3 Kc8 20. a3 Rb6 21. Rc2 Ne4 22. Na5 Bd6 23. Nxc6 a6 24. Rfc1 h4 25. Qb3 g3 26. Qxd5 gxh2+ 27. Kh1 Qe6 28. Ne7+ Kb8 29. Qxe6 fxe6 30. Ng6 a5 31. Ne5 Bxe5 32. dxe5 axb4 33. Bd4 c5 34. axb4 Rxb4 35. Bxc5 Nxc5 36. Rxc5 Ra2 37. R5c2 Rbb2 38. Rxb2+ Rxb2 39. Rf1 Kb7 40. Kxh2 Kc6 41. Kh3 Rb4 42. Rd1 Rb2 43. Rd6+ Kc5 44. f3 Re2 45. e4 Ra2 46. Rxe6 Kd4 47. Re8 Ke3 48. e6 Ra7 49. e7 1-0

[Event "TUR Cup"]
[Site "Antalya"]
[Date "2019.01.31"]
[Round "8"]
[White "Fazla, Onder Zafer"]
[Black "Atas, Yunus"]
[Result "0-1"]
[WhiteElo "1649"]
[BlackElo "1872"]
[PlyCount "122"]
[EventDate "2019.01.27"]
[EventType "swiss"]
[EventRounds "11"]
[EventCountry "TUR"]
[SourceTitle "CBM 188 Extra"]
[Source "ChessBase"]
[SourceDate "2019.02.28"]
[SourceVersion "1"]
[SourceVersionDate "2019.02.28"]
[SourceQuality "1"]

1. d4 Nf6 2. c4 g6 3. Nc3 d5 4. cxd5 Nxd5 5. e4 Nxc3 6. bxc3 Bg7 7. Be3 0-0 8. Nf3 c5 9. Be2 Qa5 10. Qd2 Nc6 11. Rd1 Bg4 12. 0-0 Rfd8 13. Qb2 Rd7 14. e5 Rad8 15. h3 Bxf3 16. Bxf3 Qa4 17. Qb3 Qxb3 18. axb3 cxd4 19. Bxc6 bxc6 20. Rxd4 Bxe5 21. Rc4 Rb7 22. b4 Rd3 23. Rc1 Rc7 24. g3 Bxg3 25. Bxa7 Rxa7 26. fxg3 Ra6 27. Kh2 Rd2+ 28. Kh1 e5 29. h4 f6 30. Rc5 Kf7 31. b5 cxb5 32. Rxb5 Raa2 33. c4 Rh2+ 34. Kg1 Rag2+ 35. Kf1 Rxg3 36. Rb7+ Ke6 37. Rxh7 Rg4 38. Rc3 Rd4 39. Kg1 Rhxh4 40. Rc7 Kd6 41. Rc8 Kd7 42. Rc5 Rh8 43. Ra5 Rc8 44. c5 Rc6 45. Kf2 Ke6 46. Rb5 Kd5 47. Ke3 f5 48. Rc1 g5 49. Rg1 g4 50. Rc1 f4+ 51. Ke2 e4 52. Rb8 Rc4 53. Rh1 Rc2+ 54. Kd1 R6xc5 55. Rh5+ Kd4 56. Rb4+ Kd3 57. Rb3+ R2c3 58. Rxc3+ Rxc3 59. Rh2 e3 60. Rg2 e2+ 61. Rxe2 Rc1+ 0-1

[Event "TUR Cup"]
[Site "Antalya"]
[Date "2019.01.30"]
[Round "6"]
[White "Tahaoglu, Erkin"]
[Black "Atas, Yunus"]
[Result "1-0"]
[WhiteElo "1714"]
[BlackElo "1872"]
[PlyCount "43"]
[EventDate "2019.01.27"]
[EventType "swiss"]
[EventRounds "11"]
[EventCountry "TUR"]
[SourceTitle "CBM 188 Extra"]
[Source "ChessBase"]
[SourceDate "2019.02.28"]
[SourceVersion "1"]
[SourceVersionDate "2019.02.28"]
[SourceQuality "1"]

1. d4 g6 2. e4 Bg7 3. Nc3 d6 4. Be3 a6 5. a4 b6 6. Bc4 Bb7 7. Nge2 Nf6 8. f3 0-0 9. Qd2 Nbd7 10. Bh6 c5 11. h4 cxd4 12. Nxd4 Ne5 13. Bb3 d5 14. Bxg7 Kxg7 15. exd5 b5 16. h5 gxh5 17. Nf5+ Kh8 18. Ne4 Nxe4 19. fxe4 e6 20. Qh6 exf5 21. Rxh5 Qa5+ 22. Kd1 1-0

[Event "TUR Cup"]
[Site "Antalya"]
[Date "2019.01.28"]
[Round "3"]
[White "Atas, Yunus"]
[Black "Aydincelebi, Kagan"]
[Result "0-1"]
[WhiteElo "1872"]
[BlackElo "2206"]
[PlyCount "110"]
[EventDate "2019.01.27"]
[EventType "swiss"]
[EventRounds "11"]
[EventCountry "TUR"]
[SourceTitle "CBM 188 Extra"]
[Source "ChessBase"]
[SourceDate "2019.02.28"]
[SourceVersion "1"]
[SourceVersionDate "2019.02.28"]
[SourceQuality "1"]

1. Nf3 c5 2. b3 Nc6 3. e3 d5 4. d4 Nf6 5. Be2 Bf5 6. 0-0 cxd4 7. Nxd4 Nxd4 8. Qxd4 a6 9. c4 dxc4 10. bxc4 e6 11. Bb2 Qc7 12. Rd1 Be7 13. Qc3 0-0 14. Nd2 Rfd8 15. Rac1 Rac8 16. Nf3 Rxd1+ 17. Bxd1 Bf8 18. Nd4 Ne4 19. Qe1 Bg6 20. Nb3 Bd6 21. g3 Qe7 22. Bf3 Ba3 23. Qe2 h6 24. Bg2 Qb4 25. Bxa3 Qxa3 26. Bxe4 Bxe4 27. Qd2 Qa4 28. c5 Bd5 29. Qd4 Qxa2 30. Nd2 Qa3 31. Rc3 Qa1+ 32. Nf1 b5 33. c6 Qa5 34. e4 Bxc6 35. Rc1 Rd8 36. Qe5 Be8 37. Ne3 Qa3 38. Ra1 Qd6 39. Qh5 b4 40. Qa5 Ra8 41. Rd1 Qe7 42. Rb1 Rb8 43. Qxa6 b3 44. e5 Bb5 45. Qd6 Qxd6 46. exd6 Bd3 47. Rb2 Kf8 48. Nd1 Ke8 49. Rd2 Bc2 50. Nb2 Kd7 51. f4 Rb6 52. Nc4 Rb5 53. Na3 Ra5 54. Nxc2 Ra2 55. Rd3 bxc2 0-1

[Event "TUR Cup"]
[Site "Antalya"]
[Date "2019.01.28"]
[Round "2"]
[White "Ersoy, Emre"]
[Black "Atas, Yunus"]
[Result "0-1"]
[WhiteElo "1591"]
[BlackElo "1872"]
[PlyCount "102"]
[EventDate "2019.01.27"]
[EventType "swiss"]
[EventRounds "11"]
[EventCountry "TUR"]
[SourceTitle "CBM 188 Extra"]
[Source "ChessBase"]
[SourceDate "2019.02.28"]
[SourceVersion "1"]
[SourceVersionDate "2019.02.28"]
[SourceQuality "1"]

1. e4 c6 2. d4 d5 3. exd5 cxd5 4. Bd3 Nc6 5. c3 Nf6 6. Bf4 g6 7. Nf3 Bg7 8. Nbd2 0-0 9. 0-0 Bf5 10. Bxf5 gxf5 11. Ne5 Rc8 12. Re1 Ne4 13. Ndf3 e6 14. Qc1 b5 15. Bh6 Nxe5 16. Nxe5 Qh4 17. Bxg7 Qxf2+ 18. Kh1 Kxg7 19. Nf3 h6 20. Rf1 Qe2 21. Re1 Qc4 22. Ne5 Qc7 23. Nd3 Kh7 24. Re3 Rg8 25. Rh3 Rg6 26. Qe3 Nf6 27. Nf4 Ng4 28. Qd2 Rg5 29. Rf1 Rcg8 30. Rff3 Qc4 31. b3 Qc7 32. Rfg3 Qe7 33. Nh5 a5 34. Qf4 R5g6 35. Qd2 a4 36. b4 Rg5 37. Nf4 Qd6 38. Nh5 Qd8 39. Qf4 R5g6 40. Qd2 Qc7 41. Nf4 Rg5 42. Nh5 Kg6 43. Nf4+ Kf6 44. Nh5+ Ke7 45. Nf4 Nf6 46. Rxg5 hxg5 47. Nd3 Ne4 48. Qe2 Qxc3 49. g3 Qxd3 50. Qxd3 Nf2+ 51. Kg2 Nxd3 0-1

[Event "Kesan op 16th"]
[Site "Kesan"]
[Date "2018.08.16"]
[Round "8"]
[White "Abdulla, Khayala Mardan Qizi"]
[Black "Atas, Yunus"]
[Result "0-1"]
[WhiteElo "2245"]
[BlackElo "1871"]
[PlyCount "62"]
[EventDate "2018.08.12"]
[EventType "swiss"]
[EventRounds "9"]
[EventCountry "TUR"]
[SourceTitle "CBM 186 Extra"]
[Source "ChessBase"]
[SourceDate "2018.08.24"]
[SourceVersion "1"]
[SourceVersionDate "2018.08.24"]
[SourceQuality "1"]

1. e4 c5 2. Nf3 d6 3. d4 cxd4 4. Nxd4 Nf6 5. Nc3 Nc6 6. Bc4 e6 7. Bb3 a6 8. Be3 Qc7 9. f4 Be7 10. Qf3 Nxd4 11. Bxd4 b5 12. f5 e5 13. Be3 Bb7 14. a3 0-0 15. 0-0-0 Rac8 16. g4 Nxe4 17. Nxe4 d5 18. g5 dxe4 19. Qh5 Bc5 20. Bxc5 Qxc5 21. Rd7 Bc6 22. Rxf7 Bd5 23. Rxg7+ Kxg7 24. Qh6+ Kh8 25. g6 Rc7 26. f6 Rxf6 27. Qg5 Qe7 28. Rd1 Bxb3 29. gxh7 Rxc2+ 30. Kb1 Rxb2+ 31. Kxb2 Rf2+ 0-1

[Event "Kesan op 16th"]
[Site "Kesan"]
[Date "2018.08.13"]
[Round "3"]
[White "Atas, Yunus"]
[Black "Kamer, Kayra"]
[Result "1/2-1/2"]
[WhiteElo "1871"]
[BlackElo "2208"]
[PlyCount "97"]
[EventDate "2018.08.12"]
[EventType "swiss"]
[EventRounds "9"]
[EventCountry "TUR"]
[SourceTitle "CBM 186 Extra"]
[Source "ChessBase"]
[SourceDate "2018.08.24"]
[SourceVersion "1"]
[SourceVersionDate "2018.08.24"]
[SourceQuality "1"]

1. c4 g6 2. Nc3 Bg7 3. g3 c5 4. Bg2 Nc6 5. Nf3 Nh6 6. d4 Nxd4 7. Nxd4 cxd4 8. Bxh6 Bxh6 9. Qxd4 0-0 10. 0-0 d6 11. Rfd1 Be6 12. Bxb7 Rb8 13. Bd5 Rxb2 14. Rab1 Bg7 15. Qd3 Bxc3 16. Qxc3 Rxe2 17. Rd2 Rxd2 18. Qxd2 Qc8 19. Rb7 Bh3 20. Rxe7 Qf5 21. Bg2 Qf6 22. Re1 Bf5 23. Qe3 a5 24. c5 dxc5 25. Qxc5 a4 26. Qb4 Bc2 27. Be4 Bxe4 28. Rxe4 Ra8 29. a3 Qf3 30. Qb7 Rf8 31. Qc6 Qxa3 32. Rxa4 Qb2 33. Ra8 Rxa8 34. Qxa8+ Kg7 35. Qc6 g5 36. h3 h5 37. Qd5 Qf6 38. h4 gxh4 39. Qxh5 Qa1+ 40. Kh2 hxg3+ 41. fxg3 Qa2+ 42. Kh3 Qe6+ 43. Qg4+ Kf6 44. Qxe6+ fxe6 45. Kg4 e5 46. Kf3 Kf5 47. g4+ Kg5 48. Ke4 Kxg4 49. Kxe5 1/2-1/2

[Event "TUR-chT2"]
[Site "Konya"]
[Date "2018.07.11"]
[Round "2.13"]
[White "Atas, Yunus"]
[Black "Golcu, Munir"]
[Result "1-0"]
[WhiteElo "1792"]
[BlackElo "1624"]
[PlyCount "102"]
[EventDate "2018.07.10"]
[EventType "team-swiss"]
[EventRounds "9"]
[EventCountry "TUR"]
[SourceTitle "EXT 2019"]
[Source "ChessBase"]
[SourceDate "2018.10.10"]
[SourceVersion "1"]
[SourceVersionDate "2018.10.10"]
[SourceQuality "1"]
[WhiteTeam "Bitlis Dernegi"]
[BlackTeam "Konya Selcuklu Belediyesi"]
[WhiteTeamCountry "TUR"]
[BlackTeamCountry "TUR"]

1. c4 Nf6 2. Nc3 d5 3. cxd5 Nxd5 4. g3 e6 5. Bg2 Be7 6. Qb3 Nb6 7. Nf3 Nc6 8. d3 0-0 9. 0-0 Nd4 10. Nxd4 Qxd4 11. Nb5 Qd8 12. Bf4 c6 13. Nc7 Rb8 14. Nd5 Ra8 15. Bc7 Qd7 16. Nxb6 axb6 17. Bxb6 f5 18. Rac1 Kh8 19. Bc5 e5 20. a3 Rf6 21. Qb4 Bd8 22. f4 exf4 23. Rxf4 Ba5 24. Qa4 Ra6 25. Qc2 Qe8 26. e4 Bc7 27. Rf2 f4 28. Rcf1 fxg3 29. Rxf6 gxh2+ 30. Kh1 gxf6 31. Rxf6 Kg7 32. Qf2 Be6 33. Bf8+ Kg8 34. Bh6 Bf7 35. Qf5 Ra8 36. Qg4+ Bg6 37. d4 Qe7 38. Rxg6+ hxg6 39. Qxg6+ Kh8 40. Bg5 Rg8 41. Qxg8+ Kxg8 42. Bxe7 Bf4 43. d5 cxd5 44. exd5 Kf7 45. d6 Bc1 46. Bxb7 Bxb2 47. a4 Ba3 48. Kxh2 Ke6 49. Bc8+ Kf7 50. a5 Bc5 51. a6 Ba7 1-0

[Event "Mersin op 2nd"]
[Site "Mersin"]
[Date "2017.10.26"]
[Round "7"]
[White "Guven, Oguz Kagan"]
[Black "Atas, Yunus"]
[Result "1-0"]
[WhiteElo "1777"]
[BlackElo "1819"]
[PlyCount "67"]
[EventDate "2017.10.22"]
[EventType "swiss"]
[EventRounds "9"]
[EventCountry "TUR"]
[SourceTitle "CBM 181 Extra"]
[Source "ChessBase"]
[SourceDate "2017.12.12"]
[SourceVersion "1"]
[SourceVersionDate "2017.12.12"]
[SourceQuality "1"]

1. e4 e5 2. Nf3 Nc6 3. Bb5 a6 4. Ba4 Nf6 5. d3 b5 6. Bb3 Be7 7. c3 0-0 8. 0-0 d6 9. h3 Be6 10. Re1 Na5 11. Bxe6 fxe6 12. d4 exd4 13. cxd4 Nd7 14. d5 e5 15. Nc3 Kh8 16. b3 Nb7 17. b4 Nb6 18. a4 Qd7 19. a5 Nc4 20. Nd2 Bh4 21. Rf1 c5 22. dxc6 Qxc6 23. Nd5 Nd8 24. Nxc4 bxc4 25. Be3 Ne6 26. Qg4 Bxf2+ 27. Rxf2 Rxf2 28. Bxf2 Nd4 29. Rc1 Rf8 30. Bxd4 exd4 31. Qd1 d3 32. Qxd3 cxd3 33. Rxc6 d2 34. Ne3 1-0

[Event "Mersin op 2nd"]
[Site "Mersin"]
[Date "2017.10.23"]
[Round "2"]
[White "Gokbulut, Julia"]
[Black "Atas, Yunus"]
[Result "1-0"]
[WhiteElo "2061"]
[BlackElo "1819"]
[PlyCount "76"]
[EventDate "2017.10.22"]
[EventType "swiss"]
[EventRounds "9"]
[EventCountry "TUR"]
[SourceTitle "CBM 181 Extra"]
[Source "ChessBase"]
[SourceDate "2017.12.12"]
[SourceVersion "1"]
[SourceVersionDate "2017.12.12"]
[SourceQuality "1"]

1. d4 d5 2. c4 e6 3. Nf3 Nf6 4. g3 Be7 5. Bg2 0-0 6. 0-0 c6 7. Qc2 b6 8. b3 Bb7 9. a4 c5 10. dxc5 dxc4 11. Qxc4 Bd5 12. Qc2 Qc7 13. Ba3 Bxc5 14. Qb2 Nbd7 15. b4 Bd6 16. Rc1 Qd8 17. Nc3 Bb7 18. Rd1 Qe7 19. Nb5 Bb8 20. Rac1 a6 21. Nbd4 e5 22. Nf5 Qe6 23. Bh3 Nd5 24. e4 Nf4 25. gxf4 Bxe4 26. Ng5 Qf6 27. Nxe4 Qg6+ 28. Kh1 Qh5 29. Ne7+ Kh8 30. Bxd7 Qf3+ 31. Kg1 Qxe4 32. Bc6 Qxf4 33. Qd2 Qg4+ 34. Bg2 e4 35. h3 Qh4 36. Nf5 Qf6 37. Bxe4 Qe5 38. f3 g6 1-0

[Event "Cubuk op 3rd"]
[Site "Cubuk"]
[Date "2017.08.19"]
[Round "1"]
[White "Atas, Yunus"]
[Black "Sevdimaliyev, Urfan"]
[Result "0-1"]
[WhiteElo "1732"]
[BlackElo "2391"]
[PlyCount "64"]
[EventDate "2017.08.19"]
[EventType "swiss"]
[EventRounds "9"]
[EventCountry "TUR"]
[SourceTitle "CBM 180 Extra"]
[Source "ChessBase"]
[SourceDate "2017.10.06"]
[SourceVersion "1"]
[SourceVersionDate "2017.10.06"]
[SourceQuality "1"]

1. d4 Nf6 2. c4 g6 3. Nc3 d5 4. cxd5 Nxd5 5. e4 Nxc3 6. bxc3 Bg7 7. Nf3 c5 8. Bc4 0-0 9. h3 Nc6 10. e5 cxd4 11. cxd4 Bf5 12. 0-0 Be4 13. Ng5 Bd5 14. Bxd5 Qxd5 15. Nf3 Rfd8 16. Be3 Rac8 17. Qa4 b6 18. Rfd1 Rc7 19. Rac1 Rdc8 20. Qa6 e6 21. Rc2 Qa5 22. Qxa5 Nxa5 23. Rxc7 Rxc7 24. Rc1 Rxc1+ 25. Bxc1 Kf8 26. Kf1 Ke8 27. Ke2 Kd7 28. Kd3 b5 29. Ba3 Bh6 30. Bc5 a6 31. Ne1 Nc4 32. Kc3 Bd2+ 0-1

[Event "TUR Cup"]
[Site "Antalya"]
[Date "2017.02.02"]
[Round "8"]
[White "Atas, Yunus"]
[Black "Ererdem, Gani Eren"]
[Result "0-1"]
[WhiteElo "1777"]
[BlackElo "2151"]
[PlyCount "166"]
[EventDate "2017.01.28"]
[EventType "swiss"]
[EventRounds "11"]
[EventCountry "TUR"]
[SourceTitle "CBM 176 Extra"]
[Source "ChessBase"]
[SourceDate "2017.03.02"]
[SourceVersion "1"]
[SourceVersionDate "2017.03.02"]
[SourceQuality "1"]

1. d4 Nf6 2. Nf3 e6 3. Bg5 h6 4. Bxf6 Qxf6 5. e3 g6 6. Be2 Bg7 7. Nc3 0-0 8. 0-0 d6 9. Ne4 Qe7 10. c4 Nd7 11. Qd2 e5 12. dxe5 Nxe5 13. Nc3 Be6 14. Nd5 Qd8 15. Nd4 Bd7 16. Rac1 c6 17. Nf4 Qe7 18. Rfd1 Rad8 19. Qa5 a6 20. Qc7 Rfe8 21. b4 Bc8 22. Qa5 h5 23. b5 Qg5 24. Qa4 Bh6 25. bxa6 bxa6 26. Nf3 Qe7 27. Rd4 Ng4 28. Qa3 Bb7 29. h3 c5 30. Rd2 Nf6 31. Nd5 Bxd5 32. cxd5 Ne4 33. Rdc2 Nxf2 34. Kxf2 Bxe3+ 35. Kf1 Bxc1 36. Qxc1 Qf6 37. Bxa6 Rb8 38. Bc4 Re4 39. Kg1 Rf4 40. Qe3 Rb1+ 41. Bf1 g5 42. Rf2 g4 43. hxg4 hxg4 44. Nh2 Rxf2 45. Qxf2 Qg5 46. g3 Rb4 47. Qe1 Qxd5 48. Qe8+ Kg7 49. Qd7 Qd4+ 50. Kh1 Qe4+ 51. Kg1 Qd4+ 52. Kh1 Qe4+ 53. Kg1 d5 54. Bg2 Qe3+ 55. Kh1 Qxg3 56. Qxd5 Qf4 57. Qd3 Rd4 58. Qc3 f6 59. Qb3 c4 60. Qb7+ Kg6 61. Qb1+ Kg5 62. Nf1 f5 63. Qb4 Qe5 64. Qc3 f4 65. Bb7 f3 66. a4 Qf4 67. a5 Rd7 68. a6 Rh7+ 69. Kg1 Qc7 70. Qe3+ Kh5 71. Qe8+ Kh4 72. Qe3 c3 73. Qf2+ Kg5 74. Qe3+ Kf6 75. Be4 Re7 76. Qd4+ Qe5 77. Qb6+ Re6 78. Qd8+ Kg7 79. a7 f2+ 80. Kxf2 Rf6+ 81. Ke3 Qf4+ 82. Kd4 Rd6+ 83. Kxc3 Qe5+ 0-1

[Event "TUR Cup"]
[Site "Antalya"]
[Date "2017.01.28"]
[Round "1"]
[White "Tekin, Muhammed Rasit"]
[Black "Atas, Yunus"]
[Result "0-1"]
[WhiteElo "1186"]
[BlackElo "1777"]
[PlyCount "50"]
[EventDate "2017.01.28"]
[EventType "swiss"]
[EventRounds "11"]
[EventCountry "TUR"]
[SourceTitle "CBM 176 Extra"]
[Source "ChessBase"]
[SourceDate "2017.03.02"]
[SourceVersion "1"]
[SourceVersionDate "2017.03.02"]
[SourceQuality "1"]

1. e4 c6 2. c4 d5 3. exd5 cxd5 4. cxd5 Nf6 5. Qa4+ Bd7 6. Qb3 Qc7 7. Nc3 a6 8. g3 e6 9. Bg2 Ra7 10. Nge2 b5 11. a3 h5 12. d3 h4 13. Be3 Bc5 14. Bxc5 Qxc5 15. d4 Qe7 16. Qb4 Qd8 17. Rc1 exd5 18. Nxd5 Nxd5 19. Bxd5 Bg4 20. Qc5 Re7 21. Bc6+ Kf8 22. Rc2 Nxc6 23. Qxc6 Rh6 24. Qc3 Qd5 25. Rg1 Rhe6 0-1

[Event "Istanbul op-B"]
[Site "Istanbul"]
[Date "2014.09.05"]
[Round "6"]
[White "Atas, Yunus"]
[Black "Daghan, Devran"]
[Result "0-1"]
[WhiteElo "1637"]
[BlackElo "1788"]
[PlyCount "110"]
[EventDate "2014.09.01"]
[EventType "swiss"]
[EventRounds "9"]
[EventCountry "TUR"]
[SourceTitle "EXT 2016"]
[Source "ChessBase"]
[SourceDate "2015.10.08"]
[SourceVersion "1"]
[SourceVersionDate "2015.10.08"]
[SourceQuality "1"]

1. e4 c5 2. Nf3 e6 3. d4 cxd4 4. Nxd4 Nc6 5. Nc3 Nf6 6. Nxc6 bxc6 7. e5 Nd5 8. Ne4 Qc7 9. f4 Qb6 10. c4 Bb4+ 11. Bd2 Qe3+ 12. Qe2 Bxd2+ 13. Nxd2 Qxe2+ 14. Kxe2 Nxf4+ 15. Kf3 Ng6 16. Re1 c5 17. Bd3 Bb7+ 18. Kf2 Bxg2 19. Kxg2 Nf4+ 20. Kf3 Nxd3 21. Re3 Nb4 22. Rg1 Nc2 23. Rd3 Nd4+ 24. Kf2 Nc6 25. Rxg7 Nxe5 26. Rh3 h6 27. Ne4 Ke7 28. Rhg3 Nxc4 29. b3 Ne5 30. Ke3 d6 31. Kf4 Nd7 32. R3g6 d5 33. Ng3 Nf6 34. Ke5 Ne8 35. Rg8 Rxg8 36. Rxg8 f6+ 37. Kf4 Kf7 38. Rg4 Ng7 39. Kf3 Rc8 40. Ra4 Rc7 41. Rh4 Kg6 42. Rg4+ Kh7 43. h4 f5 44. Ra4 e5 45. Ra5 h5 46. b4 f4 47. Ne2 Ne6 48. Nc3 e4+ 49. Kf2 e3+ 50. Ke2 Nd4+ 51. Kd3 cxb4 52. Nxd5 e2 53. Nf6+ Kg6 54. Rg5+ Kxf6 55. Rg1 Nf3 0-1

[Event "TUR-ch op"]
[Site "Antalya"]
[Date "2008.02.09"]
[Round "10.57"]
[White "Atas, Yunus"]
[Black "Demircin, Kasim"]
[Result "0-1"]
[WhiteElo "1567"]
[BlackElo "1659"]
[PlyCount "64"]
[EventDate "2008.02.04"]
[EventType "swiss"]
[EventRounds "11"]
[EventCountry "TUR"]
[SourceTitle "CBM 122 Extra"]
[Source "ChessBase"]
[SourceDate "2008.03.04"]
[SourceVersion "1"]
[SourceVersionDate "2008.03.04"]
[SourceQuality "1"]

1. e4 c6 2. d4 d5 3. Nc3 dxe4 4. Nxe4 Nd7 5. Nf3 Ngf6 6. Nxf6+ Nxf6 7. h3 g6 8. b3 Bg7 9. Bb2 0-0 10. Bd3 Nd5 11. Qd2 Qc7 12. Ne5 c5 13. Nf3 cxd4 14. Bxd4 Bxd4 15. Nxd4 Qe5+ 16. Be2 Nf4 17. 0-0-0 Qxd4 18. Qxd4 Nxe2+ 19. Kb2 Nxd4 20. Rxd4 Be6 21. Rhd1 h5 22. g4 hxg4 23. hxg4 Kg7 24. a4 Rh8 25. b4 Rac8 26. f3 Rh2 27. R1d2 Rxd2 28. Rxd2 Rc4 29. c3 a5 30. Rd4 Rxd4 31. cxd4 axb4 32. f4 Bd5 0-1